[Event "IECG WC.2005.F.00008 email"]
[Site "IECG email"]
[Date "2006.06.05"]
[Round "?"]
[White "Keller, Thomas L"]
[Black "Lautenbach, Aljoscha"]
[Result "1/2-1/2"]
[WhiteElo "1911"]
[BlackElo "1760"]
[PlyCount "48"]
[EventDate "2006.06.05"]
[EventType "tourn (corr)"]
[EventRounds "14"]
[SourceTitle "Corr 2008"]
[Source "ChessBase"]
[SourceDate "2008.06.24"]
[SourceVersion "1"]
[SourceVersionDate "2008.06.24"]
[SourceQuality "1"]

1. e4 c6 2. d4 d5 3. Nc3 dxe4 4. Nxe4 Bf5 5. Ng3 Bg6 6. h4 h6 7. Bc4 e6 8. Be3 Nf6 9. N1e2 Nbd7 10. Nf4 Bh7 11. Qe2 Bd6 12. 0-0-0 0-0 13. Bd3 Bxd3 14. Nxd3 Qa5 15. Kb1 Qb5 16. Nc5 Nxc5 17. dxc5 Bxg3 18. Qxb5 cxb5 19. fxg3 Ng4 20. Rhe1 e5 21. Bg1 Rfd8 22. Kc1 f5 23. Rf1 g6 24. Rf3 Rxd1+ 1/2-1/2

[Event "IECG WC.2005.F.00008 email"]
[Site "IECG email"]
[Date "2006.06.05"]
[Round "?"]
[White "Lautenbach, Aljoscha"]
[Black "Laczay, Istvan"]
[Result "1/2-1/2"]
[WhiteElo "1760"]
[BlackElo "1888"]
[PlyCount "41"]
[EventDate "2006.06.05"]
[EventType "tourn (corr)"]
[EventRounds "14"]
[SourceTitle "Corr 2008"]
[Source "ChessBase"]
[SourceDate "2008.06.24"]
[SourceVersion "1"]
[SourceVersionDate "2008.06.24"]
[SourceQuality "1"]

1. e4 c5 2. Nf3 d6 3. Bb5+ Bd7 4. Bxd7+ Qxd7 5. c4 e5 6. Nc3 g6 7. 0-0 Bg7 8. a3 Nc6 9. b4 Nge7 10. b5 Nd8 11. d3 0-0 12. a4 a6 13. Bg5 f6 14. Bd2 axb5 15. axb5 Rxa1 16. Qxa1 Ne6 17. Qa4 f5 18. Ra1 Nd4 19. Qd1 h6 20. Ra7 Nc8 21. Ra8 1/2-1/2

[Event "IECG TE.2004.P.01611 email"]
[Site "IECG email"]
[Date "2004.09.22"]
[Round "?"]
[White "Lautenbach, Aljoscha"]
[Black "Balmelle, Jean Luc"]
[Result "1/2-1/2"]
[WhiteElo "1777"]
[BlackElo "2240"]
[PlyCount "66"]
[EventDate "2004.09.22"]
[EventType "tourn (corr)"]
[EventRounds "8"]
[SourceTitle "Corr 2008"]
[Source "ChessBase"]
[SourceDate "2008.06.24"]
[SourceVersion "1"]
[SourceVersionDate "2008.06.24"]
[SourceQuality "1"]

1. e4 c6 2. d4 d5 3. e5 c5 4. dxc5 Nc6 5. Bb5 e6 6. Be3 Nge7 7. Nf3 Nf5 8. Bg5 Qa5+ 9. Nc3 Bxc5 10. 0-0 0-0 11. Bd3 Nfd4 12. Nxd4 Bxd4 13. Bf6 Bxe5 14. Bxe5 Nxe5 15. Bxh7+ Kxh7 16. Qh5+ Kg8 17. Qxe5 Bd7 18. Rfe1 Qb6 19. Rab1 Rac8 20. Qh5 Qd4 21. Rbd1 Qf6 22. Rd3 g6 23. Qh6 Qg7 24. Qe3 a6 25. a4 b5 26. axb5 Bxb5 27. Rd4 Rc4 28. Rxc4 Bxc4 29. Rd1 Rb8 30. b3 Bb5 31. h3 Rc8 32. Rd4 Qf6 33. Nxb5 axb5 1/2-1/2

[Event "IECG WC.2006.S.00002 email"]
[Site "IECG email"]
[Date "2004.07.18"]
[Round "?"]
[White "Gilles, Robert P"]
[Black "Lautenbach, Aljoscha"]
[Result "1-0"]
[WhiteElo "2284"]
[BlackElo "1773"]
[PlyCount "93"]
[EventDate "2004.07.18"]
[EventType "tourn (corr)"]
[EventRounds "10"]
[SourceTitle "Corr 2008"]
[Source "ChessBase"]
[SourceDate "2008.06.24"]
[SourceVersion "1"]
[SourceVersionDate "2008.06.24"]
[SourceQuality "1"]

1. d4 d5 2. c4 c6 3. Nf3 Nf6 4. Nc3 e6 5. Bg5 h6 6. Bh4 Nbd7 7. e3 Be7 8. Bd3 0-0 9. 0-0 dxc4 10. Bxc4 Nd5 11. Bg3 N7f6 12. Rc1 Nxc3 13. bxc3 Ne4 14. Be5 Ba3 15. Rc2 Qa5 16. Qd3 Nd6 17. Bb3 b6 18. Rb1 Ba6 19. c4 Rfd8 20. e4 Rac8 21. Bf4 c5 22. d5 b5 23. Nd2 exd5 24. exd5 bxc4 25. Nxc4 Bxc4 26. Bxc4 Nxc4 27. Qxc4 Re8 28. Be3 Bb4 29. Rcb2 Qc7 30. Rb3 Qd6 31. Rd1 Ba5 32. Bf4 Qg6 33. f3 Bb6 34. Bg3 Rcd8 35. a4 Re7 36. Bh4 f6 37. Bg3 Red7 38. Rb5 f5 39. a5 Bc7 40. Bxc7 Rxc7 41. Rxc5 Rcd7 42. Rc6 Qf7 43. Re6 Rd6 44. Re5 Qd7 45. h3 a6 46. f4 Kh8 47. Kh2 1-0

[Event "IECG WC.2006.S.00002 email"]
[Site "IECG email"]
[Date "2004.07.18"]
[Round "?"]
[White "Hrvacic, Pavle"]
[Black "Lautenbach, Aljoscha"]
[Result "1-0"]
[WhiteElo "2231"]
[BlackElo "1773"]
[PlyCount "79"]
[EventDate "2004.07.18"]
[EventType "tourn (corr)"]
[EventRounds "10"]
[SourceTitle "Corr 2008"]
[Source "ChessBase"]
[SourceDate "2008.06.24"]
[SourceVersion "1"]
[SourceVersionDate "2008.06.24"]
[SourceQuality "1"]

1. e4 d5 2. exd5 Qxd5 3. Nc3 Qa5 4. d4 c6 5. Bc4 Bf5 6. Bd2 e6 7. g4 Bg6 8. h4 h5 9. d5 Qc5 10. Qe2 cxd5 11. Nxd5 hxg4 12. Bf4 Bd6 13. b4 Qd4 14. Rd1 Bxb4+ 15. Kf1 Qe4 16. Nxb4 Qxf4 17. Bb5+ Nc6 18. Nxc6 Kf8 19. Ne5 Ne7 20. Qd2 Qxd2 21. Rxd2 Rh5 22. Nxg6+ Nxg6 23. Be2 f5 24. f3 g3 25. f4 Rxh4 26. Rxh4 Nxh4 27. Nf3 Nxf3 28. Bxf3 Rc8 29. Kg2 b5 30. Kxg3 b4 31. Rd7 a5 32. Ra7 Rc5 33. Bd1 Rc3+ 34. Kh4 Ra3 35. c3 Rxa2 36. cxb4 Rh2+ 37. Kg3 Rd2 38. Bh5 axb4 39. Rf7+ Kg8 40. Re7 1-0

[Event "IECG WC.2006.S.00002 email"]
[Site "IECG email"]
[Date "2004.07.18"]
[Round "?"]
[White "Lautenbach, Aljoscha"]
[Black "Baklanov, Valentin Petrovich"]
[Result "0-1"]
[WhiteElo "1773"]
[BlackElo "2383"]
[PlyCount "66"]
[EventDate "2004.07.18"]
[EventType "tourn (corr)"]
[EventRounds "10"]
[SourceTitle "Corr 2008"]
[Source "ChessBase"]
[SourceDate "2008.06.24"]
[SourceVersion "1"]
[SourceVersionDate "2008.06.24"]
[SourceQuality "1"]

1. f4 Nf6 2. Nf3 d6 3. e3 g6 4. d4 Bg7 5. Bd3 0-0 6. 0-0 c5 7. c3 Nc6 8. Nbd2 Bg4 9. Qe1 e5 10. fxe5 dxe5 11. Nxe5 Nxe5 12. dxe5 Nd7 13. Be4 Nxe5 14. Bxb7 Nd3 15. Qg3 h5 16. Nf3 Rb8 17. Be4 Nxb2 18. Bxb2 Rxb2 19. h3 Be6 20. a4 Qe7 21. Rf2 Rxf2 22. Qxf2 Bxh3 23. Bxg6 fxg6 24. gxh3 Qe4 25. Rf1 c4 26. Qg3 Qxe3+ 27. Kg2 Qd3 28. Qc7 Qe4 29. Qa5 Kh7 30. Qb4 Rf5 31. Qb1 Qe3 32. Qb7 h4 33. Qc7 Qe4 0-1

[Event "IECG TE.2004.P.01510"]
[Site "IECG email"]
[Date "2004.06.17"]
[Round "?"]
[White "Lautenbach, Aljoscha"]
[Black "Daelemans, Hugo"]
[Result "1-0"]
[WhiteElo "1760"]
[BlackElo "800"]
[PlyCount "41"]
[EventDate "2004.06.17"]
[EventType "tourn (corr)"]
[EventRounds "8"]
[SourceTitle "Corr 2008"]
[Source "ChessBase"]
[SourceDate "2008.06.24"]
[SourceVersion "1"]
[SourceVersionDate "2008.06.24"]
[SourceQuality "1"]

1. e4 e6 2. d4 d5 3. Nc3 Nf6 4. Bg5 Bb4 5. Nge2 Nc6 6. a3 Bxc3+ 7. Nxc3 0-0 8. e5 h6 9. Bh4 Bd7 10. exf6 Qe8 11. fxg7 Kxg7 12. Qg4+ Kh7 13. Bf6 Rg8 14. Bd3+ Rg6 15. Qh4 e5 16. Bxg6+ fxg6 17. dxe5 d4 18. Ne4 Qc8 19. Ng5+ Kg8 20. Qxh6 a6 21. Qg7# 1-0

[Event "Duisburg Grossenbaum op"]
[Site "Duisburg"]
[Date "2004.05.28"]
[Round "1"]
[White "Coenen, Siegfried"]
[Black "Lautenbach, Aljoscha"]
[Result "0-1"]
[WhiteElo "2030"]
[BlackElo "1526"]
[PlyCount "96"]
[EventDate "2004.05.28"]
[EventType "swiss"]
[EventRounds "7"]
[EventCountry "GER"]
[SourceTitle "EXT 2006"]
[Source "ChessBase"]
[SourceDate "2005.11.24"]
[SourceVersion "1"]
[SourceVersionDate "2005.11.24"]
[SourceQuality "1"]

1. e4 d5 2. exd5 Qxd5 3. Nc3 Qa5 4. Nf3 c6 5. Bc4 Bf5 6. 0-0 Nf6 7. Re1 e6 8. d4 Bb4 9. Re5 Qc7 10. Qe2 0-0 11. Bf4 Bd6 12. Rxf5 exf5 13. Bg5 Nbd7 14. Qd3 g6 15. Nh4 Bxh2+ 16. Kh1 Bf4 17. Bxf6 Nxf6 18. Nxf5 gxf5 19. Qxf5 Qd6 20. g3 Bd2 21. Kg2 Bxc3 22. bxc3 b5 23. Bb3 a5 24. a4 bxa4 25. Bc4 Nd5 26. Rh1 Qg6 27. Qf3 Rae8 28. Rh4 Kh8 29. Bd3 f5 30. Bc4 Nb6 31. Bd3 Re7 32. Qf4 a3 33. Rh6 Qg4 34. Qd6 Ref7 35. Qxa3 Nd5 36. Rh4 Qg5 37. Qc5 f4 38. Rxh7+ Kg8 39. Rxf7 Rxf7 40. Qxc6 fxg3 41. Qe8+ Kg7 42. f3 Nf4+ 43. Kg1 Nxd3 44. cxd3 Rxf3 45. Qd7+ Rf7 46. Qe6 Qc1+ 47. Kg2 Rf2+ 48. Kh3 Qh6+ 0-1

[Event "CFriend SI-2004-0-00019 email"]
[Site "Chessfriend.com"]
[Date "2004.04.24"]
[Round "1"]
[White "Gramstad, Reidar"]
[Black "Lautenbach, Aljoscha"]
[Result "1-0"]
[WhiteElo "2099"]
[BlackElo "1760"]
[PlyCount "41"]
[EventDate "2004.??.??"]
[EventType "tourn (corr)"]
[EventRounds "10"]
[SourceTitle "Corr 2008"]
[Source "ChessBase"]
[SourceDate "2008.06.24"]
[SourceVersion "1"]
[SourceVersionDate "2008.06.24"]
[SourceQuality "1"]

1. e4 d5 2. exd5 Qxd5 3. Nc3 Qa5 4. d4 c6 5. Nf3 Bf5 6. Bc4 Nf6 7. Bd2 e6 8. Nd5 Qd8 9. Nxf6+ Qxf6 10. Qe2 Nd7 11. 0-0-0 Bd6 12. Bg5 Qg6 13. d5 Ne5 14. h4 Nxf3 15. gxf3 cxd5 16. Rxd5 Bb4 17. Rb5 a5 18. a3 h6 19. Bf4 Be7 20. Rxb7 Rc8 21. Bb3 1-0